000 00790nab a2200241 u 4500
001 12936
003 HDC
007 cr bn ---aaaaa
008 210211c my dr|nes 0 may d
040 _aHDC
245 0 _aSijil halal syarikat sembelih ayam di Lumut ditarik
260 _a[no place] :
_b[publisher not identified],
_c[no year]
336 _atext
_2rdacontent
337 _acomputer
_2rdamedia
338 _aonline resource
_2rdacarrier
650 _aHalal certificate
_9482
650 _aSlaughter house
_913783
710 _aSinar Harian
856 _zRequest full-text at [email protected]
942 _2lcc
942 _cNEWS
942 _kNWSO 002757
999 _c10252
_d10252